Statystyki dla stawy u koni

Kliknij tutaj aby rozwiązać quiz!

Ogólne statystyki

  • Ten quiz został rozwiązany 6 razy
  • Średni wynik to 12 z 24

Statystyki odpowiedzi

HintOdpowiedź% Poprawnych
stawy k. miednicznabiodrowy
100%
stawy k. miednicznakolanowy
100%
stawy k. piersiowakopytowy
100%
stawy k. piersiowakoronowy
100%
stawy k. piersiowałokciowy
100%
stawy k. piersiowapęcinowy
100%
stawy k. piersiowaramienny
100%
stawy k. miednicznastępu
100%
s. stępuguz piętowy
50%
s. stępuk. piszczelowa
50%
s. nadgarstkak. promieniowa
50%
stawy k. miednicznakrzyżowo-biodrowy
50%
s. stępuk. skokowa
50%
stawy k. piersiowanadgarstka
50%
s. kolanowyudowo-piszczelowy
50%
s. kolanowyudowo-rzepkowy
50%
s. nadgarstkak. nadgarstka dodatkowa
0%
s. nadgarstkak. nadgarstka łokciowa
0%
s. nadgarstka I rządk. nadgarstka promieniowa, pośrodkowa, łokciowa
0%
s. nadgarstka II rządk. nadgarstkowa II, III, IV
0%
s. nadgarstkak. śródręcza II, III, IV
0%
stępuk. śródstopia II, III, IV
0%
s. stępuk. stępowa I, II, III, IV
0%
s. stępuk. stępu ośrodkowa
0%

Rozkład punktacji

Percentyl według liczby udzielonych odpowiedzi

Procent ludzi z każdym wynikiem

Twoja historia wyników

Nie rozwiązałeś tego quizu